[Event "Saale-Herbst op 3rd"]
[Site "Halle/Saale"]
[Date "2006.10.28"]
[Round "7"]
[White "Groeger, Eric"]
[Black "Gwosdz, Gert"]
[Result "0-1"]
[WhiteElo "1648"]
[BlackElo "1780"]
[PlyCount "80"]
[EventDate "2006.10.25"]
[EventType "swiss"]
[EventRounds "7"]
[EventCountry "GER"]
[SourceTitle "EXT 2019"]
[Source "ChessBase"]
[SourceDate "2018.10.10"]
[SourceVersion "1"]
[SourceVersionDate "2018.10.10"]
[SourceQuality "1"]

1. d4 f5 2. g3 Nf6 3. Bg2 e6 4. c3 Be7 5. Nh3 0-0 6. Nd2 d6 7. Qb3 Nc6 8. Nf4 d5 9. Nf3 Bd6 10. Nd3 Ne4 11. h4 b6 12. Bf4 a5 13. Bxd6 Qxd6 14. Nde5 a4 15. Qc2 Nxe5 16. Nxe5 c5 17. 0-0 Ba6 18. Rfe1 Nf6 19. b3 cxd4 20. cxd4 Rfc8 21. Qd2 Qa3 22. Rab1 Bb5 23. bxa4 Qxa4 24. Qb4 Qxb4 25. Rxb4 Be8 26. Rxb6 Rxa2 27. Rxe6 Kf8 28. Bh3 Rd2 29. Nf3 Rb2 30. Bxf5 Ra8 31. Bd3 Bh5 32. Ng5 h6 33. Nh3 Bg4 34. Rxf6+ gxf6 35. Nf4 Kf7 36. Nxd5 Ra4 37. f3 Be6 38. Nf4 Rxd4 39. Nxe6 Kxe6 40. Kf2 Rxd3 0-1

[Event "Saale-Herbst op 3rd"]
[Site "Halle/Saale"]
[Date "2006.10.26"]
[Round "3"]
[White "Schellmann, Frank"]
[Black "Groeger, Eric"]
[Result "1-0"]
[WhiteElo "1994"]
[BlackElo "1648"]
[PlyCount "101"]
[EventDate "2006.10.25"]
[EventType "swiss"]
[EventRounds "7"]
[EventCountry "GER"]
[SourceTitle "EXT 2019"]
[Source "ChessBase"]
[SourceDate "2018.10.10"]
[SourceVersion "1"]
[SourceVersionDate "2018.10.10"]
[SourceQuality "1"]

1. e4 c5 2. c3 d5 3. exd5 Qxd5 4. d4 Nf6 5. Nf3 Bg4 6. Be2 e6 7. h3 Bh5 8. 0-0 Nc6 9. Be3 cxd4 10. Nxd4 Bxe2 11. Qxe2 Nxd4 12. Bxd4 Be7 13. Rd1 Qc6 14. Nd2 0-0 15. Nf3 Rfd8 16. Ne5 Qe4 17. Qf1 a6 18. Rd3 b5 19. Re1 Qb7 20. f4 Nd7 21. f5 Nxe5 22. Bxe5 Rxd3 23. Qxd3 Rd8 24. Qg3 f6 25. Bd4 e5 26. Be3 Rd3 27. Qf2 Qd5 28. a3 Rxe3 29. Rxe3 Bc5 30. Kh1 e4 31. g4 Bxe3 32. Qxe3 Qd3 33. Qf4 h6 34. Kg2 Qe2+ 35. Qf2 Qd3 36. Qf1 Qd2+ 37. Kg3 Qxb2 38. Qe1 Qxa3 39. Qxe4 Qxc3+ 40. Kh4 Qc8 41. Kh5 Kh7 42. h4 Qc5 43. g5 hxg5 44. hxg5 Qd6 45. g6+ Kg8 46. Qe8+ Qf8 47. Qe6+ Kh8 48. Qxa6 Qb8 49. Kg4 b4 50. Qd3 b3 51. Qh3+ 1-0

[Event "Saale-Herbst op 3rd"]
[Site "Halle/Saale"]
[Date "2006.10.25"]
[Round "2"]
[White "Groeger, Eric"]
[Black "Markus, Nico"]
[Result "1/2-1/2"]
[WhiteElo "1648"]
[BlackElo "1698"]
[PlyCount "69"]
[EventDate "2006.10.25"]
[EventType "swiss"]
[EventRounds "7"]
[EventCountry "GER"]
[SourceTitle "EXT 2019"]
[Source "ChessBase"]
[SourceDate "2018.10.10"]
[SourceVersion "1"]
[SourceVersionDate "2018.10.10"]
[SourceQuality "1"]

1. d4 Nf6 2. c4 e6 3. Nc3 Bb4 4. Qc2 c5 5. Nf3 d5 6. e3 0-0 7. a3 Bxc3+ 8. Qxc3 cxd4 9. exd4 dxc4 10. Bxc4 Nd5 11. Qc2 Nd7 12. 0-0 N7f6 13. Bg5 h6 14. Bh4 Qb6 15. Rac1 Bd7 16. Rfd1 Rac8 17. Qe2 Bc6 18. b4 a6 19. Ne5 Ba4 20. Rd2 Qd6 21. Re1 Nc3 22. Qf3 Nfd5 23. Bxd5 Nxd5 24. Qg4 Rc3 25. Rd3 Rxd3 26. Nxd3 b6 27. Bg3 Qe7 28. Be5 f5 29. Qg3 Qf7 30. Nf4 Nxf4 31. Qxf4 Rc8 32. Qg3 Kh7 33. h4 Qg6 34. Qf3 Bc6 35. Qg3 1/2-1/2

[Event "GER-ch U12"]
[Site "Willingen"]
[Date "2004.06.04"]
[Round "11"]
[White "Falke, Cynthia"]
[Black "Groeger, Eric"]
[Result "1-0"]
[WhiteElo "1197"]
[BlackElo "1428"]
[PlyCount "75"]
[EventDate "2004.06.??"]
[EventType "swiss"]
[EventRounds "11"]
[EventCountry "GER"]
[SourceTitle "EXT 2005"]
[Source "ChessBase"]
[SourceDate "2004.11.15"]
[SourceVersion "1"]
[SourceVersionDate "2004.11.15"]
[SourceQuality "1"]

1. e4 c6 2. d4 d5 3. f3 e6 4. c3 dxe4 5. Qe2 exf3 6. Nxf3 Nf6 7. Nbd2 Nbd7 8. g3 Be7 9. Bg2 0-0 10. Ne4 Nxe4 11. Qxe4 Nf6 12. Qe2 Re8 13. Bd2 Bf8 14. 0-0-0 a5 15. h4 b5 16. Ne5 Nd5 17. Qh5 g6 18. Qf3 Qc7 19. h5 Bg7 20. hxg6 fxg6 21. Nd3 Bf8 22. Rh2 Re7 23. Rdh1 Rf7 24. Qe2 b4 25. Ne5 Rg7 26. Bh6 Re7 27. Bxf8 Kxf8 28. Bxd5 exd5 29. Qf3+ Ke8 30. Rf1 Kd8 31. Rxh7 Bf5 32. Rh8+ Re8 33. Rxe8+ Kxe8 34. g4 bxc3 35. gxf5 cxb2+ 36. Kb1 gxf5 37. Qh5+ Ke7 38. Qf7+ 1-0

[Event "GER-ch U12"]
[Site "Willingen"]
[Date "2004.06.02"]
[Round "8"]
[White "Groeger, Eric"]
[Black "Kaphle, Sebastian"]
[Result "1/2-1/2"]
[WhiteElo "1428"]
[BlackElo "1597"]
[PlyCount "59"]
[EventDate "2004.06.??"]
[EventType "swiss"]
[EventRounds "11"]
[EventCountry "GER"]
[SourceTitle "EXT 2005"]
[Source "ChessBase"]
[SourceDate "2004.11.15"]
[SourceVersion "1"]
[SourceVersionDate "2004.11.15"]
[SourceQuality "1"]

1. d4 Nf6 2. c4 g6 3. Nc3 Bg7 4. e4 d6 5. f3 0-0 6. Be3 e5 7. d5 Nbd7 8. Nge2 Ne8 9. Qd2 f5 10. 0-0-0 Ndf6 11. Kb1 Bd7 12. h3 Kh8 13. g4 f4 14. Bf2 Ng8 15. h4 h6 16. Bh3 Rf7 17. g5 h5 18. Bxd7 Qxd7 19. Nc1 Bf8 20. Nd3 a6 21. c5 Kg7 22. Rc1 Qd8 23. Rc2 b6 24. cxb6 cxb6 25. Rhc1 Rb7 26. Nb4 b5 27. Ne2 Ne7 28. Nc6 Qd7 29. Nxe7 Bxe7 30. Rc6 1/2-1/2

[Event "GER-ch U12"]
[Site "Willingen"]
[Date "2004.05.31"]
[Round "4"]
[White "Groeger, Eric"]
[Black "Kordts, Florian"]
[Result "0-1"]
[WhiteElo "1428"]
[BlackElo "1669"]
[PlyCount "148"]
[EventDate "2004.06.??"]
[EventType "swiss"]
[EventRounds "11"]
[EventCountry "GER"]
[SourceTitle "EXT 2005"]
[Source "ChessBase"]
[SourceDate "2004.11.15"]
[SourceVersion "1"]
[SourceVersionDate "2004.11.15"]
[SourceQuality "1"]

1. e4 c5 2. Nf3 Nc6 3. d4 cxd4 4. Nxd4 g6 5. c4 Bg7 6. Nc2 Nf6 7. Nc3 0-0 8. Be2 d6 9. 0-0 Bd7 10. f3 Rc8 11. Qd2 a6 12. b3 Qb6+ 13. Kh1 h5 14. Bb2 Ne5 15. Rad1 Qc7 16. Nb4 Qd8 17. Nbd5 Rc6 18. Nxf6+ exf6 19. Ba3 Be6 20. c5 Re8 21. cxd6 Qa5 22. Na4 Qxd2 23. Rxd2 b5 24. Nc5 Rd8 25. Bb4 Bf8 26. Ba5 Rdxd6 27. Rxd6 Bxd6 28. Nxe6 fxe6 29. f4 Nf7 30. Bd3 Kg7 31. Bd2 Be7 32. Be3 Rc3 33. Rd1 Nd8 34. Kg1 Nc6 35. Kf2 Nb4 36. Bb1 Kf7 37. Rc1 Rxc1 38. Bxc1 Bc5+ 39. Ke2 Nc6 40. Be3 Bd6 41. g3 Ke7 42. Bd3 Nb4 43. a4 Nxd3 44. Kxd3 bxa4 45. bxa4 Kd7 46. Kc4 Kc6 47. Bf2 Ba3 48. h3 Bc1 49. Kd3 h4 50. Kc2 hxg3 51. Bxg3 Be3 52. Kd3 Bg1 53. Be1 Kc5 54. h4 f5 55. exf5 exf5 56. Bg3 Kb4 57. Be1+ Kxa4 58. Kc4 Bh2 59. Kd5 Bxf4 60. Ke6 Bc1 61. Kf6 f4 62. Kxg6 f3 63. h5 Kb3 64. h6 Bxh6 65. Kxh6 a5 66. Bf2 Kc2 67. Kg5 Kd3 68. Kg4 Ke2 69. Kg3 a4 70. Bc5 a3 71. Bxa3 f2 72. Bc5 f1Q 73. Be7 Qf3+ 74. Kh4 Qe4+ 0-1

[Event "GER-ch U12"]
[Site "Willingen"]
[Date "2004.05.30"]
[Round "2"]
[White "Groeger, Eric"]
[Black "Smolkina, Milana"]
[Result "1-0"]
[WhiteElo "1428"]
[BlackElo "1678"]
[PlyCount "41"]
[EventDate "2004.06.??"]
[EventType "swiss"]
[EventRounds "11"]
[EventCountry "GER"]
[SourceTitle "EXT 2005"]
[Source "ChessBase"]
[SourceDate "2004.11.15"]
[SourceVersion "1"]
[SourceVersionDate "2004.11.15"]
[SourceQuality "1"]

1. d4 Nf6 2. c4 e6 3. Nc3 Bb4 4. Qb3 a5 5. a3 Bxc3+ 6. Qxc3 0-0 7. Nf3 d6 8. e3 b6 9. Be2 Ba6 10. b3 c5 11. Bb2 Nc6 12. 0-0 Qe7 13. Rfe1 Rac8 14. Bf1 d5 15. dxc5 Qxc5 16. b4 Qe7 17. b5 Bxb5 18. cxb5 Nb4 19. Qb3 Nc2 20. Rac1 a4 21. Qxa4 1-0

[Event "GER-ch U12"]
[Site "Willingen"]
[Date "2003.06.14"]
[Round "11"]
[White "Demmler, Julia"]
[Black "Groeger, Eric"]
[Result "0-1"]
[WhiteElo "1385"]
[BlackElo "1265"]
[PlyCount "48"]
[EventDate "2003.06.08"]
[EventType "swiss"]
[EventRounds "11"]
[EventCountry "GER"]
[SourceTitle "CBM 094 Extra"]
[Source "ChessBase"]
[SourceDate "2003.07.09"]
[SourceVersion "2"]
[SourceVersionDate "2003.07.09"]
[SourceQuality "1"]

1. e4 c5 2. Nf3 d6 3. d4 cxd4 4. Nxd4 Nf6 5. Nc3 g6 6. Be3 Bg7 7. f3 0-0 8. Qd2 Nc6 9. Bc4 Bd7 10. 0-0-0 Qa5 11. Kb1 Rfc8 12. Bb3 Ne5 13. g4 Nc4 14. Bxc4 Rxc4 15. h4 Rac8 16. h5 Bxg4 17. fxg4 Rxc3 18. bxc3 Nxe4 19. Qe1 Nxc3+ 20. Kc1 Nxa2+ 21. Kb1 Nb4 22. Rh2 Qa2+ 23. Kc1 Bxd4 24. Qxb4 Bxe3+ 0-1

[Event "GER-chT U12"]
[Site "Verden an der Aller"]
[Date "2002.12.29"]
[Round "5.4"]
[White "Weber, Raphael"]
[Black "Groeger, Eric"]
[Result "0-1"]
[WhiteElo "1284"]
[BlackElo "1382"]
[PlyCount "96"]
[EventDate "2002.12.27"]
[EventType "team"]
[EventRounds "7"]
[EventCountry "GER"]
[SourceTitle "CBM 092 Extra"]
[Source "ChessBase"]
[SourceDate "2003.03.07"]
[SourceVersion "1"]
[SourceVersionDate "2003.03.07"]
[SourceQuality "1"]

1. e4 c6 2. d4 d5 3. exd5 cxd5 4. Nc3 Bf5 5. Nf3 Nf6 6. Bg5 e6 7. Bb5+ Nc6 8. Ne5 Rc8 9. 0-0 Be7 10. Re1 0-0 11. Nxc6 bxc6 12. Bd3 Bxd3 13. Qxd3 Nd7 14. Bxe7 Qxe7 15. Re2 Rc7 16. Rae1 Rfc8 17. f4 Qb4 18. b3 Qb6 19. Kh1 c5 20. dxc5 Nxc5 21. Nxd5 Nxd3 22. Nxb6 Nxe1 23. Nxc8 Rxc8 24. Rxe1 Rxc2 25. Rd1 Kf8 26. Ra1 Ke7 27. h3 Kf6 28. g3 Kf5 29. b4 f6 30. b5 e5 31. fxe5 fxe5 32. a4 e4 33. Rf1+ Ke6 34. Re1 Kd5 35. Rd1+ Kc4 36. Rd7 e3 37. Re7 Kd3 38. Rxa7 Kd2 39. Rd7+ Ke1 40. b6 e2 41. Kg2 Rd2 42. b7 Rxd7 43. b8Q Kd1 44. Qb3+ Kd2 45. Qb4+ Kd1 46. Kf2 Rf7+ 47. Ke3 e1Q+ 48. Qxe1+ Kxe1 0-1

[Event "GER-ch U10"]
[Site "Winterberg"]
[Date "2002.05.21"]
[Round "6"]
[White "Hirneise, Jens"]
[Black "Groeger, Eric"]
[Result "0-1"]
[WhiteElo "1189"]
[BlackElo "1350"]
[PlyCount "126"]
[EventDate "2002.05.19"]
[EventType "swiss"]
[EventRounds "11"]
[EventCountry "GER"]
[SourceTitle "CBM 088 Extra"]
[Source "ChessBase"]
[SourceDate "2002.07.01"]
[SourceVersion "2"]
[SourceVersionDate "2002.07.01"]
[SourceQuality "1"]

1. e4 e5 2. Nf3 Nc6 3. d4 exd4 4. Nxd4 Bc5 5. Be3 Qf6 6. c3 d6 7. Bc4 Nge7 8. 0-0 Ng6 9. Re1 0-0 10. Nxc6 Bxe3 11. Rxe3 bxc6 12. Nd2 Ne5 13. Bb3 Bg4 14. Qc2 Be6 15. f3 Qg5 16. Re2 Bxb3 17. Qxb3 Kh8 18. Rf1 Qe7 19. Nc4 Rab8 20. Qa4 Nxc4 21. Qxc4 c5 22. f4 f6 23. Rfe1 Rbe8 24. g4 h6 25. h4 Kh7 26. Qd3 Kg8 27. Qd5+ Qf7 28. Qxf7+ Kxf7 29. e5 g6 30. exf6 Rxe2 31. Rxe2 Kxf6 32. f5 Kg7 33. fxg6 Kxg6 34. Re7 Rf7 35. h5+ Kg7 36. Rxf7+ Kxf7 37. Kf2 d5 38. Ke3 a6 39. b3 c6 40. Kf4 Kf6 41. a3 a5 42. g5+ hxg5+ 43. Kg4 d4 44. cxd4 cxd4 45. Kf3 c5 46. Ke4 Kg7 47. Kd3 Kh6 48. Kc4 Kxh5 49. Kxc5 d3 50. b4 axb4 51. axb4 d2 52. b5 d1Q 53. b6 Qb3 54. Kc6 Qxb6+ 55. Kd5 g4 56. Ke5 g3 57. Kd5 g2 58. Ke5 g1Q 59. Kd5 Qgc5+ 60. Ke4 Qbb4+ 61. Kd3 Qcc3+ 62. Ke2 Qbb2+ 63. Kf1 Qcc1# 0-1